• 首页
  • 本馆介绍
  • 公告通知
  • 最新文献
  • 馆藏检索
  • 电子资源
  • 读者导购
  • 参考咨询
  • 我的图书馆
  • 登录
  • 详细信息显示
  • 放入我的书架
  • 预约/预借图书
  • 作者相关作品
  • 分类相关作品
  • 丛书相关作品
  • 出版社相关作品

书目信息

  • 表格格式
  • 工作单格式
  • 卡片格式
题名:
高级财务会计
    
 
作者: ;李大诚 主编 ;全国高等教育自学考试指导委员会组 编
分册:  
出版信息: 北京   中国财政经济出版社  2000
页数: 498页
开本: 21cm
丛书名:
单 册:
中图分类: F234.4
科图分类:
主题词: 会计
电子资源:
ISBN: 7-5005-4666-1
000 00881nam0 2200229 450
001 0659712890
005 20060929163657.75
010    @a7-5005-4666-1@dCNY20.00
100    @a20060929d2000 km y0chiy0120 ea
101 0  @achi
102    @aCN@b110000
200 1  @a高级财务会计@Agao ji cai wu kuai ji@f全国高等教育自学考试指导委员会组编@Fquan guo gao deng jiao yu zi xue kao shi zhi dao wei yuan hui zu bian@g李大诚主编@Gli da cheng zhu bian
210    @a北京@c中国财政经济出版社@d2000
215    @a498页@c表格@d21cm
300    @a全国高等教育自学考试指定教材会计专业(独立本科段)
300    @a附高级财务会计自学考试大纲
606 0  @a会计
690    @aF234.4@v3
702  0 @a李大诚@Ali da cheng@4主编
711  0 @a全国高等教育自学考试指导委员会组@Aquan guo gao deng jiao yu zi xue kao shi zhi dao wei yuan hui zu@4编
801  0 @aCN@bNISOFT@c20060929
905    @a10447@dF234.4@e200
    
    高级财务会计/全国高等教育自学考试指导委员会组编/李大诚主编.-北京:中国财政经济出版社,2000
    498页:表格;21cm
    全国高等教育自学考试指定教材会计专业(独立本科段).-附高级财务会计自学考试大纲
    
    ISBN 7-5005-4666-1:CNY20.00
    
●
相关链接 在E读中查询图书 在五车中查询图书 在当当中查询图书 在豆瓣中查询图书


正题名:高级财务会计     索取号:F234.4/200         预约/预借

序号 登录号 条形码 馆藏地/架位号 状态 备注
1 0493893   204938933   密集书库/ [索取号:F234.4/200] 在馆    
唐山师范学院图书馆 欢迎您!
大连网信软件有限公司© 版权所有